Countries Mentioned in the Wikipedia Page of Joe Biden - Statistics

General Stats
  • This quiz has been taken 249 times
  • The average score is 18 of 28
Answer Stats
Frequency Context Country % Correct
88 Joe Biden is the oldest sitting president in... history United States
100%
15 Biden has continued to support... during the course of the war with Hamas Israel
98%
9 He responded to the Russian invasion of... Ukraine
98%
2 In September 2021, Biden announced AUKUS, a security pact between the US, one other country and... United Kingdom
98%
11 The Biden administration doubled tariffs on solar cells imported from... China
96%
5 Biden has faced criticism for dealing with illegal migration at the US-... border Mexico
96%
5 His administration imposed severe sanctions on... Russia
93%
11 He oversaw the complete withdrawal of U.S. troops from... Afghanistan
92%
10 Biden eventually became a critic of the war in... Iraq
91%
2 In February 2022, Biden ordered the counterterrorism raid in northern... that resulted in the death of al-Qurashi, the second leader of the Islamic State Syria
83%
4 Biden said that U.S. forces would defend... in the event of "an unprecedented attack" by the Chinese Taiwan
82%
1 Biden expressed support for expanding NATO to cover... Finland
75%
1 but... opposition to Swedish entry led to a stalemate Turkey
70%
2 On February 4, 2021, the Biden administration announced that the United States was ending its support for the Saudi-led bombing campaign in... Yemen
70%
3 Biden has sought to reevaluate the United States' relationship with... Saudi Arabia
69%
1 Biden expressed support for expanding NATO to cover... Sweden
68%
1 The proposal, which would establish a permanent ceasefire, was supported by Hamas officials after mediation by... Egypt
62%
2 Biden had not openly supported or opposed the... War until he ran for Senate Vietnam
62%
4 Biden sought to strengthen ties with... Australia
59%
1 The proposal, which would establish a permanent ceasefire, was supported by Hamas officials after mediation by... Qatar
57%
1 but... opposition to Swedish entry led to a stalemate Hungary
45%
1 Biden sought to strengthen ties with... New Zealand
44%
1 He received considerable attention when he excoriated Secretary of State George Shultz at a Senate hearing for the Reagan administration's support of... South Africa
33%
1 In June 2021, Biden took his first trip abroad as president. In eight days he visited... Switzerland
29%
1 He opposed direct U.S. intervention in... Libya
26%
1 In June 2021, Biden took his first trip abroad as president. In eight days he visited... Belgium
25%
1 In August 2016, Biden visited... Serbia
19%
1 The security pact between a major trading partner and... caused alarm in late 2022 Solomon Islands
2%
No matching quizzes found
Score Distribution
Percent of People with Each Score
Percentile by Number Answered
Your Score History
You have not taken this quiz